000 01465nam a2200421 a 4500
001 fol20648973
003 ICrlF
005 20250904223853.0
008 220928s2023 nyub d 000 1 eng
010 _a 2022045748
020 _a9780593481660
035 _a(ICrlF)2541QA
040 _aDLC
_beng
_cDLC
_dICrlF
042 _apcc
_acyac
050 0 0 _aPZ7.B6988
_bSi 2023
082 0 0 _a[Fic]
_223
100 1 _aBracken, Alexandra.
245 1 0 _aSilver in the bone /
_cAlexandra Bracken.
250 _a1st ed.
260 _aNew York :
_bAlfred A. Knopf,
_c[2023]
300 _a474 p. :
_bmap ;
_c24 cm.
500 _a"Book 1."
510 3 _aSchool Library Journal, April 2023
510 3 _aPublishers Weekly, February 2023
510 3 _aBooklist, January 2023
510 3 _aKirkus Review, February 2023
520 _a"Tamsin Lark goes on a quest to find the infamous ring from Arthurian legend to break her brother's curse"--Provided by publisher.
521 2 _aYoung Adult
_bFollett School Solutions.
521 8 _aHL820
_bLexile.
650 0 _aBlessing and cursing
_vJuvenile fiction.
650 0 _aSiblings
_vJuvenile fiction.
_940489
650 1 _aBlessing and cursing
_vFiction.
650 1 _aSiblings
_vFiction.
_918771
650 1 _aFantasy.
655 7 _aFantasy fiction.
_2lcgft
940 _bYoung Adult
_d08/17/23
_sSchool Library Journal, April 2023
_sPublishers Weekly, February 2023
_sBooklist, January 2023
_vFSS
942 _cBK
999 _c128482
_d128482